Interaktívna edukačná hra "Tajomstvá elektroniky a fotoniky"

Salvato in:
Dettagli Bibliografici
Autore principale: Dičér, Andrej (Autore)
Altri autori: Stuchlíková, Ľubica (Relatore della tesi)
Natura: Manoscritto Libro
Lingua:slovacco
Pubblicazione: 2017
Soggetti:
Accesso online:http://is.stuba.sk/zp/portal_zp.pl?podrobnosti=116057
Tags: Aggiungi Tag
Nessun Tag, puoi essere il primo ad aggiungerne!!

MARC

LEADER 00000ntm a22000003a 4500
001 stuzp61710
003 SK-STU
005 20170727130409.9
007 ta
008 150427s2015----xo-----f-mn---000-0-slo-d
040 |a STU  |b slo 
041 0 |a slo 
044 |a xo 
100 1 |a Dičér, Andrej  |u 035000  |4 aut  |U FEI Fakulta elektrotechniky a informatiky  |T FEI Ústav informatiky a matematiky  |X 74728  |U E050  |Y 816  |7 74728 
242 0 1 |a Interactive educational game „Secrets of electronics and photonics“  |y eng 
245 1 0 |a Interaktívna edukačná hra "Tajomstvá elektroniky a fotoniky" 
260 |c 2017 
300 |a 40 s.,   |b CD-ROM 
650 4 |a objektové programovanie  |2 slo 
650 4 |a HTML5  |2 slo 
650 4 |a multiplayer  |2 slo 
650 4 |a edukačná online hra  |2 slo 
650 4 |a javascript  |2 slo 
650 4 |a educational online game  |2 eng 
650 4 |a object-oriented programming  |2 eng 
650 4 |a HTML5  |2 eng 
650 4 |a multiplayer  |2 eng 
650 4 |a javascript  |2 eng 
700 1 |a Stuchlíková, Ľubica  |u 033000  |k Z1  |4 ths  |U FEI Fakulta elektrotechniky a informatiky  |T FEI Ústav elektroniky a fotoniky  |X 1997  |U E030  |Y 549  |7 A000001997 
856 4 |u http://is.stuba.sk/zp/portal_zp.pl?podrobnosti=116057 
996 |b 284ER02485  |c E*Bc- 2485  |l EE35  |s P  |a 0  |w stuzp61710_0001